[Event "April 9 Early 2024"]
[Site "Chess.com"]
[Date "2024.04.09"]
[Round "3"]
[White "Kashefi, Amir Hosein"]
[Black "Lai, Hong Jun"]
[Result "1-0"]
[Board "229"]
[WhiteFideId "12557935"]
[BlackFideId "5729165"]
[WhiteTitle "FM"]
[BlackTitle "CM"]
[WhiteElo "2602"]
[BlackElo "2313"]
[WhiteTeam "IRI"]
[BlackTeam "MAS"]
[WhiteClock "0:00:27"]
[BlackClock "0:00:58"]
[Variant "Standard"]

1. e4 {[%clk 0:02:52]}  c6 {[%clk 0:02:55]} 2. d4 {[%clk 0:02:50]}  d5 {[%clk 0:02:55]} 3. f3 {[%clk 0:02:48]}  e6 {[%clk 0:02:53]} 4. Nc3 {[%clk 0:02:43]}  Bb4 {[%clk 0:02:53]} 5. Bd2 {[%clk 0:02:39]}  Nf6 {[%clk 0:02:46]} 6. h4 {[%clk 0:02:34]}  dxe4 {[%clk 0:02:42]} 7. Nxe4 {[%clk 0:02:25]}  Nxe4 {[%clk 0:02:40]} 8. Bxb4 {[%clk 0:02:10]}  Ng3 {[%clk 0:02:39]} 9. Rh3 {[%clk 0:02:03]}  Nf5 {[%clk 0:02:20]} 10. Ne2 {[%clk 0:01:34]}  Nxh4 {[%clk 0:02:07]} 11. Qd3 {[%clk 0:01:26]}  h6 {[%clk 0:02:02]} 12. O-O-O {[%clk 0:01:24]}  Nf5 {[%clk 0:02:00]} 13. g4 {[%clk 0:01:23]}  Nd6 {[%clk 0:02:01]} 14. Ng3 {[%clk 0:01:15]}  Na6 {[%clk 0:01:56]} 15. Ba3 {[%clk 0:01:11]}  b5 {[%clk 0:01:54]} 16. Qc3 {[%clk 0:00:56]}  Bb7 {[%clk 0:01:43]} 17. d5 {[%clk 0:00:55]}  exd5 {[%clk 0:01:21]} 18. Qxg7 {[%clk 0:00:53]}  Kd7 {[%clk 0:01:21]} 19. Bxd6 {[%clk 0:00:37]}  Kxd6 {[%clk 0:01:20]} 20. Qxf7 {[%clk 0:00:37]}  Nc7 {[%clk 0:01:02]} 21. Ne4+ {[%clk 0:00:34]}  Ke5 {[%clk 0:00:59]} 22. f4+ {[%clk 0:00:30]}  Kxe4 {[%clk 0:00:58]} 23. Qf5# {[%clk 0:00:27]} 1-0

[Event "April 9 Early 2024"]
[Site "Chess.com"]
[Date "2024.04.09"]
[Round "3"]
[White "Blokhin, Sofia"]
[Black "Mizzi, Jack"]
[Result "0-1"]
[Board "235"]
[WhiteFideId "4508190"]
[BlackFideId "5602521"]
[WhiteTitle "WFM"]
[BlackTitle "CM"]
[WhiteElo "2294"]
[BlackElo "2513"]
[WhiteTeam "EST"]
[BlackTeam "MLT"]
[WhiteClock "0:00:44"]
[BlackClock "0:00:18"]
[Variant "Standard"]

1. d4 {[%clk 0:03:00]}  Nf6 {[%clk 0:02:59]} 2. c4 {[%clk 0:02:59]}  e6 {[%clk 0:02:59]} 3. Nc3 {[%clk 0:02:59]}  Bb4 {[%clk 0:02:59]} 4. e3 {[%clk 0:02:59]}  O-O {[%clk 0:02:58]} 5. Nf3 {[%clk 0:02:59]}  d5 {[%clk 0:02:58]} 6. Bd3 {[%clk 0:02:56]}  dxc4 {[%clk 0:02:58]} 7. Bxc4 {[%clk 0:02:55]}  a6 {[%clk 0:02:58]} 8. O-O {[%clk 0:02:53]}  b5 {[%clk 0:02:58]} 9. Bd3 {[%clk 0:02:53]}  Bb7 {[%clk 0:02:58]} 10. a3 {[%clk 0:02:47]}  Bxc3 {[%clk 0:02:50]} 11. bxc3 {[%clk 0:02:47]}  Nbd7 {[%clk 0:02:46]} 12. Qc2 {[%clk 0:02:43]}  c5 {[%clk 0:02:44]} 13. c4 {[%clk 0:02:36]}  cxd4 {[%clk 0:02:37]} 14. Nxd4 {[%clk 0:02:31]}  Rc8 {[%clk 0:02:35]} 15. Qe2 {[%clk 0:02:28]}  bxc4 {[%clk 0:02:13]} 16. Bxc4 {[%clk 0:02:27]}  Nc5 {[%clk 0:02:09]} 17. Rb1 {[%clk 0:02:21]}  Qc7 {[%clk 0:01:47]} 18. Ba2 {[%clk 0:01:57]}  Ba8 {[%clk 0:01:30]} 19. f3 {[%clk 0:01:52]}  Rfd8 {[%clk 0:01:26]} 20. Bb2 {[%clk 0:01:49]}  Qa5 {[%clk 0:01:13]} 21. Rfc1 {[%clk 0:01:42]}  Na4 {[%clk 0:01:08]} 22. Nb3 {[%clk 0:01:33]}  Qg5 {[%clk 0:00:55]} 23. Rxc8 {[%clk 0:01:24]}  Rxc8 {[%clk 0:00:51]} 24. Qxa6 {[%clk 0:01:21]}  Rb8 {[%clk 0:00:24]} 25. Qxa4 {[%clk 0:01:06]}  Bxf3 {[%clk 0:00:22]} 26. g3 {[%clk 0:00:44]}  Qxe3+ {[%clk 0:00:17]} 27. Kf1 {[%clk 0:00:44]}  Qe2+ {[%clk 0:00:17]} 28. Kg1 {[%clk 0:00:44]}  Qg2# {[%clk 0:00:18]} 0-1

[Event "April 9 Early 2024"]
[Site "Chess.com"]
[Date "2024.04.09"]
[Round "3"]
[White "Yevchenko, Oleksandr"]
[Black "Karwowski, Kacper"]
[Result "0-1"]
[Board "236"]
[WhiteFideId "14108267"]
[BlackFideId "1126032"]
[WhiteTitle "CM"]
[BlackTitle "CM"]
[WhiteElo "2265"]
[BlackElo "2513"]
[WhiteTeam "UKR"]
[BlackTeam "POL"]
[WhiteClock "0:00:00"]
[BlackClock "0:00:21"]
[Variant "Standard"]

1. c4 {[%clk 0:03:00]}  c6 {[%clk 0:02:47]} 2. e4 {[%clk 0:03:00]}  d5 {[%clk 0:02:44]} 3. exd5 {[%clk 0:03:01]}  cxd5 {[%clk 0:02:44]} 4. cxd5 {[%clk 0:03:01]}  Nf6 {[%clk 0:02:44]} 5. Qa4+ {[%clk 0:03:00]}  Nbd7 {[%clk 0:02:44]} 6. Bc4 {[%clk 0:02:59]}  g6 {[%clk 0:02:44]} 7. Nf3 {[%clk 0:02:58]}  Bg7 {[%clk 0:02:44]} 8. d3 {[%clk 0:02:50]}  O-O {[%clk 0:02:43]} 9. Qa3 {[%clk 0:02:40]}  Nb6 {[%clk 0:02:28]} 10. O-O {[%clk 0:02:39]}  Nfxd5 {[%clk 0:02:27]} 11. Nc3 {[%clk 0:02:34]}  Nxc3 {[%clk 0:02:16]} 12. bxc3 {[%clk 0:02:32]}  Nxc4 {[%clk 0:02:16]} 13. dxc4 {[%clk 0:02:32]}  Be6 {[%clk 0:02:17]} 14. Qb4 {[%clk 0:02:05]}  Qc7 {[%clk 0:02:12]} 15. Bg5 {[%clk 0:01:59]}  Bxc4 {[%clk 0:01:46]} 16. Rfe1 {[%clk 0:01:29]}  e6 {[%clk 0:01:45]} 17. Nd4 {[%clk 0:01:19]}  Rfc8 {[%clk 0:01:29]} 18. Rac1 {[%clk 0:00:57]}  Bxa2 {[%clk 0:01:24]} 19. Nb5 {[%clk 0:00:55]}  Qc5 {[%clk 0:01:13]} 20. Be7 {[%clk 0:00:19]}  Qxb4 {[%clk 0:01:09]} 21. cxb4 {[%clk 0:00:19]}  Rxc1 {[%clk 0:00:55]} 22. Rxc1 {[%clk 0:00:20]}  a6 {[%clk 0:00:56]} 23. Nd6 {[%clk 0:00:17]}  Bd5 {[%clk 0:00:55]} 24. h3 {[%clk 0:00:12]}  Bf8 {[%clk 0:00:55]} 25. Nc8 {[%clk 0:00:07]}  Bc6 {[%clk 0:00:22]} 26. Bxf8 {[%clk 0:00:05]}  Kxf8 {[%clk 0:00:21]} 27. Nb6 {[%clk 0:00:05]}  Rd8 {[%clk 0:00:21]} 28. Nc4 {[%clk 0:00:00]}  Rd4 {[%clk 0:00:21]} 0-1

[Event "April 9 Early 2024"]
[Site "Chess.com"]
[Date "2024.04.09"]
[Round "3"]
[White "Srivatsan Karthikeyan"]
[Black "Shubenkova, Veronika"]
[Result "0-1"]
[Board "239"]
[WhiteFideId "25684248"]
[BlackFideId "44124040"]
[WhiteTitle "CM"]
[BlackTitle "WCM"]
[WhiteElo "2261"]
[BlackElo "2501"]
[WhiteTeam "IND"]
[BlackTeam "RUS"]
[WhiteClock "0:02:50"]
[BlackClock "0:02:55"]
[Variant "Standard"]

1. e4 {[%clk 0:03:00]}  b6 {[%clk 0:02:58]} 2. d4 {[%clk 0:03:00]}  Bb7 {[%clk 0:02:59]} 3. Nc3 {[%clk 0:03:01]}  Nf6 {[%clk 0:02:59]} 4. f3 {[%clk 0:03:01]}  e6 {[%clk 0:02:56]} 5. Bd3 {[%clk 0:02:59]}  d5 {[%clk 0:02:56]} 6. e5 {[%clk 0:02:59]}  Nfd7 {[%clk 0:02:57]} 7. Nce2 {[%clk 0:02:59]}  c5 {[%clk 0:02:56]} 8. c3 {[%clk 0:02:59]}  Nc6 {[%clk 0:02:56]} 9. Nh3 {[%clk 0:02:59]}  cxd4 {[%clk 0:02:56]} 10. cxd4 {[%clk 0:02:59]}  Nxd4 {[%clk 0:02:56]} 11. Nxd4 {[%clk 0:02:50]}  Qh4+ {[%clk 0:02:55]} 0-1

[Event "April 9 Early 2024"]
[Site "Chess.com"]
[Date "2024.04.10"]
[Round "3"]
[White "Garv Gaur"]
[Black "Calhoun, Luke"]
[Result "1-0"]
[Board "241"]
[WhiteFideId "45030839"]
[BlackFideId "2064421"]
[WhiteTitle "FM"]
[WhiteElo "2484"]
[BlackElo "2253"]
[WhiteTeam "IND"]
[BlackTeam "USA"]
[WhiteClock "0:00:25"]
[BlackClock "0:00:02"]
[Variant "Standard"]

1. Nf3 {[%clk 0:03:00]}  Nf6 {[%clk 0:02:58]} 2. e3 {[%clk 0:02:58]}  b6 {[%clk 0:02:54]} 3. b3 {[%clk 0:02:46]}  Bb7 {[%clk 0:02:53]} 4. c4 {[%clk 0:02:46]}  e6 {[%clk 0:02:53]} 5. Bb2 {[%clk 0:02:47]}  Be7 {[%clk 0:02:52]} 6. Nc3 {[%clk 0:02:47]}  O-O {[%clk 0:02:51]} 7. Be2 {[%clk 0:02:47]}  c5 {[%clk 0:02:48]} 8. d4 {[%clk 0:02:46]}  cxd4 {[%clk 0:02:46]} 9. exd4 {[%clk 0:02:46]}  d5 {[%clk 0:02:46]} 10. O-O {[%clk 0:02:46]}  dxc4 {[%clk 0:02:41]} 11. bxc4 {[%clk 0:02:46]}  Nc6 {[%clk 0:02:41]} 12. Bd3 {[%clk 0:02:33]}  Rc8 {[%clk 0:02:38]} 13. Qe2 {[%clk 0:02:30]}  Nxd4 {[%clk 0:02:25]} 14. Nxd4 {[%clk 0:02:30]}  Qxd4 {[%clk 0:02:25]} 15. Nd5 {[%clk 0:02:20]}  Qc5 {[%clk 0:02:13]} 16. Bd4 {[%clk 0:02:09]}  Qa3 {[%clk 0:01:46]} 17. Nxf6+ {[%clk 0:01:54]}  Bxf6 {[%clk 0:01:42]} 18. Bxf6 {[%clk 0:01:48]}  gxf6 {[%clk 0:01:41]} 19. Rab1 {[%clk 0:01:27]}  Qc5 {[%clk 0:01:20]} 20. Rb5 {[%clk 0:01:23]}  Qc6 {[%clk 0:01:12]} 21. Bxh7+ {[%clk 0:00:58]}  Kh8 {[%clk 0:00:58]} 22. f3 {[%clk 0:00:34]}  Kxh7 {[%clk 0:00:48]} 23. Qf2 {[%clk 0:00:34]}  f5 {[%clk 0:00:27]} 24. Qh4+ {[%clk 0:00:32]}  Kg6 {[%clk 0:00:27]} 25. Qg3+ {[%clk 0:00:30]}  Kf6 {[%clk 0:00:20]} 26. Qh4+ {[%clk 0:00:30]}  Kg6 {[%clk 0:00:18]} 27. g4 {[%clk 0:00:29]}  Rh8 {[%clk 0:00:15]} 28. gxf5+ {[%clk 0:00:29]}  exf5 {[%clk 0:00:15]} 29. Qg3+ {[%clk 0:00:29]}  Kf6 {[%clk 0:00:15]} 30. Qe5+ {[%clk 0:00:29]}  Kg6 {[%clk 0:00:13]} 31. Kh1 {[%clk 0:00:26]}  Qf6 {[%clk 0:00:03]} 32. Rg1+ {[%clk 0:00:26]}  Qg5 {[%clk 0:00:02]} 33. Rxg5+ {[%clk 0:00:25]}  Kxg5 {[%clk 0:00:02]} 34. Qxf5+ {[%clk 0:00:25]}  Kh4 {[%clk 0:00:02]} 35. Qg4# {[%clk 0:00:25]} 1-0

[Event "April 9 Early 2024"]
[Site "Chess.com"]
[Date "2024.04.09"]
[Round "3"]
[White "Rosenberg, Evan S"]
[Black "Yushko, Olga"]
[Result "1-0"]
[Board "246"]
[WhiteFideId "2019299"]
[BlackFideId "14114500"]
[BlackTitle "WFM"]
[WhiteElo "2434"]
[BlackElo "2233"]
[WhiteTeam "USA"]
[BlackTeam "UKR"]
[WhiteClock "0:01:16"]
[BlackClock "0:00:47"]
[Variant "Standard"]

1. d4 {[%clk 0:03:00]}  e6 {[%clk 0:02:58]} 2. Nf3 {[%clk 0:02:59]}  Nf6 {[%clk 0:02:58]} 3. g3 {[%clk 0:02:58]}  d5 {[%clk 0:02:58]} 4. Bg2 {[%clk 0:02:57]}  Be7 {[%clk 0:02:55]} 5. O-O {[%clk 0:02:57]}  O-O {[%clk 0:02:56]} 6. c4 {[%clk 0:02:58]}  c6 {[%clk 0:02:54]} 7. Nc3 {[%clk 0:02:55]}  b6 {[%clk 0:02:54]} 8. Qd3 {[%clk 0:02:54]}  Bb7 {[%clk 0:02:55]} 9. e4 {[%clk 0:02:52]}  dxe4 {[%clk 0:02:54]} 10. Nxe4 {[%clk 0:02:52]}  Nbd7 {[%clk 0:02:51]} 11. Rd1 {[%clk 0:02:47]}  Nxe4 {[%clk 0:02:51]} 12. Qxe4 {[%clk 0:02:47]}  Nf6 {[%clk 0:02:51]} 13. Qc2 {[%clk 0:02:48]}  Qc7 {[%clk 0:02:50]} 14. Bf4 {[%clk 0:02:47]}  Bd6 {[%clk 0:02:49]} 15. Bxd6 {[%clk 0:02:46]}  Qxd6 {[%clk 0:02:50]} 16. Ne5 {[%clk 0:02:46]}  Rfd8 {[%clk 0:02:38]} 17. f4 {[%clk 0:02:33]}  Qc7 {[%clk 0:02:38]} 18. c5 {[%clk 0:02:32]}  Nd5 {[%clk 0:02:29]} 19. Qe4 {[%clk 0:02:20]}  bxc5 {[%clk 0:02:12]} 20. dxc5 {[%clk 0:02:20]}  Qa5 {[%clk 0:02:12]} 21. Rdc1 {[%clk 0:02:12]}  Rac8 {[%clk 0:01:59]} 22. a3 {[%clk 0:02:12]}  Nf6 {[%clk 0:01:58]} 23. Qe1 {[%clk 0:02:06]}  Qxe1+ {[%clk 0:01:53]} 24. Rxe1 {[%clk 0:02:07]}  Rd2 {[%clk 0:01:53]} 25. b4 {[%clk 0:02:07]}  Nd5 {[%clk 0:01:45]} 26. Nc4 {[%clk 0:02:04]}  Rd4 {[%clk 0:01:41]} 27. Nd6 {[%clk 0:02:04]}  Rc7 {[%clk 0:01:42]} 28. Rad1 {[%clk 0:02:01]}  Rxd1 {[%clk 0:01:39]} 29. Rxd1 {[%clk 0:02:01]}  Kf8 {[%clk 0:01:37]} 30. Kf2 {[%clk 0:01:57]}  Ke7 {[%clk 0:01:37]} 31. f5 {[%clk 0:01:51]}  Rd7 {[%clk 0:01:34]} 32. fxe6 {[%clk 0:01:49]}  fxe6 {[%clk 0:01:35]} 33. Re1 {[%clk 0:01:41]}  Rxd6 {[%clk 0:01:23]} 34. cxd6+ {[%clk 0:01:40]}  Kxd6 {[%clk 0:01:24]} 35. Kf3 {[%clk 0:01:27]}  e5 {[%clk 0:01:22]} 36. Kg4 {[%clk 0:01:27]}  Bc8+ {[%clk 0:01:10]} 37. Kg5 {[%clk 0:01:26]}  Ke6 {[%clk 0:01:10]} 38. Bh3+ {[%clk 0:01:25]}  Kf7 {[%clk 0:01:01]} 39. Bxc8 {[%clk 0:01:25]}  h6+ {[%clk 0:01:02]} 40. Kg4 {[%clk 0:01:21]}  Nf6+ {[%clk 0:00:58]} 41. Kf3 {[%clk 0:01:20]}  e4+ {[%clk 0:00:47]} 42. Rxe4 {[%clk 0:01:16]} 1-0

[Event "April 9 Early 2024"]
[Site "Chess.com"]
[Date "2024.04.09"]
[Round "3"]
[White "Postnikov, Artem"]
[Black "Ivanov, Aleksandr"]
[Result "1-0"]
[Board "249"]
[WhiteFideId "34153575"]
[BlackFideId "2092980"]
[WhiteTitle "FM"]
[WhiteElo "2413"]
[BlackElo "2204"]
[WhiteTeam "RUS"]
[BlackTeam "USA"]
[WhiteClock "0:00:19"]
[BlackClock "0:00:00"]
[Variant "Standard"]

1. e4 {[%clk 0:03:00]}  e6 {[%clk 0:02:57]} 2. Nf3 {[%clk 0:02:59]}  d5 {[%clk 0:02:55]} 3. e5 {[%clk 0:03:00]}  c5 {[%clk 0:02:53]} 4. b4 {[%clk 0:03:00]}  b6 {[%clk 0:02:51]} 5. c3 {[%clk 0:02:53]}  d4 {[%clk 0:02:41]} 6. Bb5+ {[%clk 0:02:41]}  Bd7 {[%clk 0:02:33]} 7. Qa4 {[%clk 0:02:39]}  f6 {[%clk 0:02:17]} 8. exf6 {[%clk 0:02:32]}  Nxf6 {[%clk 0:02:15]} 9. cxd4 {[%clk 0:02:33]}  cxb4 {[%clk 0:02:06]} 10. Ne5 {[%clk 0:02:25]}  Be7 {[%clk 0:01:55]} 11. Nxd7 {[%clk 0:02:20]}  Nbxd7 {[%clk 0:01:53]} 12. O-O {[%clk 0:02:19]}  O-O {[%clk 0:01:52]} 13. Qb3 {[%clk 0:02:03]}  Nd5 {[%clk 0:01:46]} 14. d3 {[%clk 0:01:51]}  N7f6 {[%clk 0:01:36]} 15. Bg5 {[%clk 0:01:46]}  Rc8 {[%clk 0:01:31]} 16. Bc4 {[%clk 0:01:35]}  b5 {[%clk 0:01:13]} 17. Bxb5 {[%clk 0:01:34]}  Qb6 {[%clk 0:01:13]} 18. Bxf6 {[%clk 0:01:21]}  Bxf6 {[%clk 0:01:03]} 19. Bd7 {[%clk 0:01:19]}  Rc7 {[%clk 0:00:34]} 20. Bxe6+ {[%clk 0:01:16]}  Qxe6 {[%clk 0:00:33]} 21. Nd2 {[%clk 0:01:17]}  Nf4 {[%clk 0:00:32]} 22. Qxb4 {[%clk 0:01:05]}  Bxd4 {[%clk 0:00:25]} 23. Rfe1 {[%clk 0:00:56]}  Qf6 {[%clk 0:00:18]} 24. Ne4 {[%clk 0:00:41]}  Qb6 {[%clk 0:00:14]} 25. Qxb6 {[%clk 0:00:22]}  axb6 {[%clk 0:00:14]} 26. Rab1 {[%clk 0:00:21]}  Nxd3 {[%clk 0:00:13]} 27. Red1 {[%clk 0:00:20]}  Bxf2+ {[%clk 0:00:09]} 28. Nxf2 {[%clk 0:00:17]}  Nxf2 {[%clk 0:00:09]} 29. Rf1 {[%clk 0:00:16]}  Ne4 {[%clk 0:00:03]} 30. Rxb6 {[%clk 0:00:16]}  Rxf1+ {[%clk 0:00:02]} 31. Kxf1 {[%clk 0:00:16]}  Kf7 {[%clk 0:00:01]} 32. Ke2 {[%clk 0:00:17]}  Nc3+ {[%clk 0:00:01]} 33. Kf3 {[%clk 0:00:18]}  Nxa2 {[%clk 0:00:00]} 34. Kf4 {[%clk 0:00:19]} 1-0

[Event "April 9 Early 2024"]
[Site "Chess.com"]
[Date "2024.04.10"]
[Round "3"]
[White "Piddubna, Bozhena"]
[Black "Bynum, Jacorey"]
[Result "0-1"]
[Board "252"]
[WhiteFideId "34109293"]
[BlackFideId "39927644"]
[WhiteTitle "WCM"]
[WhiteElo "2200"]
[BlackElo "2401"]
[WhiteTeam "UKR"]
[BlackTeam "USA"]
[WhiteClock "0:00:01"]
[BlackClock "0:00:18"]
[Variant "Standard"]

1. c4 {[%clk 0:02:50]}  e5 {[%clk 0:02:59]} 2. Nc3 {[%clk 0:02:47]}  Nf6 {[%clk 0:02:59]} 3. Nf3 {[%clk 0:02:47]}  Nc6 {[%clk 0:02:59]} 4. e4 {[%clk 0:02:46]}  Bc5 {[%clk 0:02:54]} 5. Nxe5 {[%clk 0:02:45]}  Nxe5 {[%clk 0:02:55]} 6. d4 {[%clk 0:02:42]}  Bb4 {[%clk 0:02:56]} 7. dxe5 {[%clk 0:02:38]}  Nxe4 {[%clk 0:02:56]} 8. Qf3 {[%clk 0:02:38]}  Nxc3 {[%clk 0:02:55]} 9. bxc3 {[%clk 0:02:35]}  Ba5 {[%clk 0:02:55]} 10. Bb2 {[%clk 0:02:14]}  Qe7 {[%clk 0:02:51]} 11. Qg3 {[%clk 0:02:09]}  d6 {[%clk 0:02:32]} 12. Qxg7 {[%clk 0:02:03]}  Qxe5+ {[%clk 0:02:31]} 13. Qxe5+ {[%clk 0:02:01]}  dxe5 {[%clk 0:02:32]} 14. O-O-O {[%clk 0:01:55]}  Bf5 {[%clk 0:02:26]} 15. Bd3 {[%clk 0:01:40]}  Bxd3 {[%clk 0:02:18]} 16. Rxd3 {[%clk 0:01:40]}  Rd8 {[%clk 0:02:17]} 17. Re3 {[%clk 0:00:34]}  f6 {[%clk 0:02:08]} 18. f4 {[%clk 0:00:34]}  Bb6 {[%clk 0:02:08]} 19. Re2 {[%clk 0:00:25]}  O-O {[%clk 0:02:05]} 20. fxe5 {[%clk 0:00:22]}  fxe5 {[%clk 0:02:06]} 21. Rxe5 {[%clk 0:00:21]}  Rf2 {[%clk 0:02:05]} 22. c5 {[%clk 0:00:17]}  Ba5 {[%clk 0:01:50]} 23. c6 {[%clk 0:00:16]}  b6 {[%clk 0:01:38]} 24. c4 {[%clk 0:00:13]}  Rd6 {[%clk 0:01:16]} 25. Rd1 {[%clk 0:00:11]}  Rxd1+ {[%clk 0:01:11]} 26. Kxd1 {[%clk 0:00:10]}  Rxb2 {[%clk 0:01:09]} 27. Re7 {[%clk 0:00:10]}  Rd2+ {[%clk 0:01:00]} 28. Kc1 {[%clk 0:00:10]}  Rd4 {[%clk 0:00:50]} 29. Rxc7 {[%clk 0:00:09]}  Rxc4+ {[%clk 0:00:51]} 30. Kd1 {[%clk 0:00:10]}  Bb4 {[%clk 0:00:48]} 31. h3 {[%clk 0:00:04]}  h5 {[%clk 0:00:43]} 32. g4 {[%clk 0:00:02]}  hxg4 {[%clk 0:00:43]} 33. hxg4 {[%clk 0:00:03]}  a5 {[%clk 0:00:40]} 34. g5 {[%clk 0:00:02]}  Bd6 {[%clk 0:00:37]} 35. Rc8+ {[%clk 0:00:01]}  Kg7 {[%clk 0:00:38]} 36. Kd2 {[%clk 0:00:01]}  b5 {[%clk 0:00:30]} 37. Kd3 {[%clk 0:00:01]}  a4 {[%clk 0:00:27]} 38. a3 {[%clk 0:00:02]}  Bxa3 {[%clk 0:00:23]} 39. g6 {[%clk 0:00:02]}  Bd6 {[%clk 0:00:22]} 40. Rd8 {[%clk 0:00:01]}  Rxc6 {[%clk 0:00:21]} 41. Rd7+ {[%clk 0:00:01]}  Kxg6 {[%clk 0:00:21]} 42. Rb7 {[%clk 0:00:02]}  a3 {[%clk 0:00:18]} 43. Rxb5 {[%clk 0:00:02]}  Ra6 {[%clk 0:00:19]} 44. Rb1 {[%clk 0:00:01]}  a2 {[%clk 0:00:19]} 45. Ra1 {[%clk 0:00:02]}  Be5 {[%clk 0:00:20]} 46. Rg1+ {[%clk 0:00:02]}  Kf7 {[%clk 0:00:19]} 47. Rf1+ {[%clk 0:00:01]}  Ke6 {[%clk 0:00:20]} 48. Kc2 {[%clk 0:00:01]}  a1=Q {[%clk 0:00:19]} 49. Rxa1 {[%clk 0:00:01]}  Rxa1 {[%clk 0:00:18]} 0-1

[Event "April 9 Early 2024"]
[Site "Chess.com"]
[Date "2024.04.09"]
[Round "3"]
[White "Manon-og, Ramon Jr."]
[Black "Valtiner, Adamo"]
[Result "1-0"]
[Board "254"]
[WhiteFideId "5200776"]
[BlackFideId "1647962"]
[BlackTitle "CM"]
[WhiteElo "2400"]
[BlackElo "2178"]
[WhiteTeam "PHI"]
[BlackTeam "AUT"]
[WhiteClock "0:00:17"]
[BlackClock "0:00:00"]
[Variant "Standard"]

1. e4 {[%clk 0:02:59]}  c5 {[%clk 0:02:56]} 2. Nf3 {[%clk 0:02:59]}  a6 {[%clk 0:02:57]} 3. c3 {[%clk 0:02:58]}  Qa5 {[%clk 0:02:56]} 4. Bd3 {[%clk 0:02:57]}  Nf6 {[%clk 0:02:54]} 5. O-O {[%clk 0:02:57]}  d6 {[%clk 0:02:52]} 6. h3 {[%clk 0:02:56]}  e5 {[%clk 0:02:52]} 7. Bc2 {[%clk 0:02:52]}  Be7 {[%clk 0:02:51]} 8. d4 {[%clk 0:02:52]}  Nc6 {[%clk 0:02:48]} 9. d5 {[%clk 0:02:51]}  Nd8 {[%clk 0:02:47]} 10. Na3 {[%clk 0:02:48]}  b5 {[%clk 0:02:45]} 11. Bd2 {[%clk 0:02:44]}  O-O {[%clk 0:02:44]} 12. Nh2 {[%clk 0:02:38]}  h6 {[%clk 0:02:38]} 13. f4 {[%clk 0:02:37]}  Qc7 {[%clk 0:02:23]} 14. fxe5 {[%clk 0:02:33]}  dxe5 {[%clk 0:02:22]} 15. Qe1 {[%clk 0:02:31]}  Kh8 {[%clk 0:01:55]} 16. Qg3 {[%clk 0:02:24]}  Nh7 {[%clk 0:01:46]} 17. Ng4 {[%clk 0:02:22]}  Bd6 {[%clk 0:01:26]} 18. Rf2 {[%clk 0:02:06]}  f6 {[%clk 0:01:23]} 19. Raf1 {[%clk 0:02:04]}  Nf7 {[%clk 0:01:23]} 20. h4 {[%clk 0:01:59]}  c4 {[%clk 0:01:22]} 21. Bb1 {[%clk 0:01:33]}  Qd7 {[%clk 0:01:19]} 22. Ne3 {[%clk 0:01:31]}  Qe7 {[%clk 0:01:15]} 23. Nac2 {[%clk 0:01:30]}  Rg8 {[%clk 0:00:43]} 24. Nf5 {[%clk 0:01:29]}  Qd8 {[%clk 0:00:41]} 25. Nce3 {[%clk 0:01:20]}  g6 {[%clk 0:00:37]} 26. Nxd6 {[%clk 0:01:17]}  Nxd6 {[%clk 0:00:38]} 27. Ng4 {[%clk 0:01:14]}  Bxg4 {[%clk 0:00:34]} 28. Qxg4 {[%clk 0:01:15]}  g5 {[%clk 0:00:29]} 29. hxg5 {[%clk 0:01:13]}  hxg5 {[%clk 0:00:26]} 30. Rf3 {[%clk 0:01:09]}  Ra7 {[%clk 0:00:26]} 31. Rh3 {[%clk 0:01:08]}  Rgg7 {[%clk 0:00:24]} 32. Rh6 {[%clk 0:01:06]}  Kg8 {[%clk 0:00:22]} 33. Qh5 {[%clk 0:00:59]}  Nf7 {[%clk 0:00:21]} 34. Rg6 {[%clk 0:00:49]}  Qf8 {[%clk 0:00:22]} 35. Be3 {[%clk 0:00:43]}  Rd7 {[%clk 0:00:18]} 36. Bc2 {[%clk 0:00:40]}  Rxg6 {[%clk 0:00:17]} 37. Qxg6+ {[%clk 0:00:41]}  Qg7 {[%clk 0:00:18]} 38. Qf5 {[%clk 0:00:41]}  Nf8 {[%clk 0:00:17]} 39. Bd1 {[%clk 0:00:39]}  Nh6 {[%clk 0:00:15]} 40. Qxf6 {[%clk 0:00:36]}  Rf7 {[%clk 0:00:16]} 41. Qxg5 {[%clk 0:00:33]}  Rxf1+ {[%clk 0:00:14]} 42. Kxf1 {[%clk 0:00:33]}  Qxg5 {[%clk 0:00:13]} 43. Bxg5 {[%clk 0:00:32]}  Nf7 {[%clk 0:00:14]} 44. Be7 {[%clk 0:00:31]}  Ng6 {[%clk 0:00:14]} 45. Bc5 {[%clk 0:00:27]}  Nf4 {[%clk 0:00:15]} 46. d6 {[%clk 0:00:26]}  Nd3 {[%clk 0:00:15]} 47. Ba3 {[%clk 0:00:25]}  a5 {[%clk 0:00:15]} 48. Be2 {[%clk 0:00:24]}  b4 {[%clk 0:00:16]} 49. cxb4 {[%clk 0:00:24]}  axb4 {[%clk 0:00:16]} 50. Bxd3 {[%clk 0:00:24]}  bxa3 {[%clk 0:00:16]} 51. Bxc4 {[%clk 0:00:22]}  axb2 {[%clk 0:00:16]} 52. Bd3 {[%clk 0:00:22]}  Nxd6 {[%clk 0:00:17]} 53. Ke1 {[%clk 0:00:20]}  Kg7 {[%clk 0:00:18]} 54. Kd1 {[%clk 0:00:20]}  Nc4 {[%clk 0:00:18]} 55. Kc2 {[%clk 0:00:17]}  Ne3+ {[%clk 0:00:14]} 56. Kxb2 {[%clk 0:00:18]}  Nxg2 {[%clk 0:00:14]} 57. a4 {[%clk 0:00:18]}  Nf4 {[%clk 0:00:13]} 58. a5 {[%clk 0:00:18]}  Nxd3+ {[%clk 0:00:13]} 59. Kc3 {[%clk 0:00:17]}  Nc5 {[%clk 0:00:14]} 60. Kc4 {[%clk 0:00:17]}  Na6 {[%clk 0:00:09]} 61. Kb5 {[%clk 0:00:17]}  Nb8 {[%clk 0:00:09]} 62. Kb6 {[%clk 0:00:16]}  Kf6 {[%clk 0:00:08]} 63. Kb7 {[%clk 0:00:17]}  Nd7 {[%clk 0:00:08]} 64. Kc7 {[%clk 0:00:17]}  Nc5 {[%clk 0:00:06]} 65. Kc6 {[%clk 0:00:17]}  Na6 {[%clk 0:00:05]} 66. Kb6 {[%clk 0:00:17]}  Nb4 {[%clk 0:00:06]} 67. Kb5 {[%clk 0:00:17]}  Nc2 {[%clk 0:00:04]} 68. a6 {[%clk 0:00:17]}  Nd4+ {[%clk 0:00:05]} 69. Kb6 {[%clk 0:00:16]}  Ke6 {[%clk 0:00:00]} 70. a7 {[%clk 0:00:17]} 1-0